000 00382nam a2200157Ia 4500
008 230917s9999||||xx |||||||||||||| ||und||
040 _e79541
_aMAIN
041 _aEnglish
082 _a346.022 T718O
100 _aTreitel, G H
245 0 _aoutline of the law of contract
250 _a2nd ed.
260 _aLondon
_bButterworths
_c1979
300 _axxx, 384 p.
942 _cBK
999 _c202735
_d202735